|
|
|
|
| LEADER |
00000nlm0a2200000 4500 |
| 001 |
318782 |
| 005 |
20231102003119.0 |
| 035 |
|
|
|a (RuTPU)RU\TPU\book\344283
|
| 035 |
|
|
|a RU\TPU\book\234853
|
| 090 |
|
|
|a 318782
|
| 100 |
|
|
|a 20160505j20120530k y0rusy50 ca
|
| 101 |
0 |
|
|a rus
|
| 102 |
|
|
|a RU
|
| 105 |
|
|
|a a m 000zy
|
| 135 |
|
|
|a drcn ---uucaa
|
| 181 |
|
0 |
|a i
|
| 182 |
|
0 |
|a b
|
| 200 |
1 |
|
|a Вероятностно-статистический критерий эффективности настройки токовых релейных защит и методика ее повышения
|b Электронный ресурс
|e диссертация на соискание ученой степени кандидата технических наук
|e спец. 05.14.02
|f А. Ф. Прутик
|g Национальный исследовательский Томский политехнический университет (ТПУ) ; науч. рук. А. В. Шмойлов
|
| 203 |
|
|
|a Текст
|c электронный
|
| 210 |
|
|
|a Томск
|d 2012
|
| 215 |
|
|
|a 1 файл (4.46 Mb)
|
| 230 |
|
|
|a Электронные текстовые данные (1 файл : 4.46 Mb)
|
| 300 |
|
|
|a Заглавие с титульного экрана
|
| 300 |
|
|
|a Электронная версия печатной публикации
|
| 337 |
|
|
|a Adobe Reader
|
| 452 |
|
1 |
|0 (RuTPU)RU\TPU\book\237719
|t Вероятностно-статистический критерий эффективности настройки токовых релейных защит и методика ее повышения
|o диссертация на соискание ученой степени кандидата технических наук
|o спец. 05.14.02
|f А. Ф. Прутик
|g Национальный исследовательский Томский политехнический университет (ТПУ) ; науч. рук. А. В. Шмойлов
|c Томск
|d 2012
|p 179 л.
|a Прутик, Алексей Фёдорович
|
| 606 |
1 |
|
|a Релейная защита в целом
|2 stltpush
|3 (RuTPU)RU\TPU\subj\24926
|9 49192
|
| 610 |
1 |
|
|a диссертации
|
| 610 |
1 |
|
|a труды учёных ТПУ
|
| 610 |
1 |
|
|a токовые релейные защиты
|
| 610 |
1 |
|
|a функционирование
|
| 610 |
1 |
|
|a качество
|
| 610 |
1 |
|
|a оценка
|
| 610 |
1 |
|
|a техническая эффективность
|
| 610 |
1 |
|
|a токовые ступенчатые защиты
|
| 610 |
1 |
|
|a критерии
|
| 610 |
1 |
|
|a электронный ресурс
|
| 675 |
|
|
|a 621.316.925.1(04)
|v 3
|
| 686 |
|
|
|a 05.14.02
|2 oksvnk
|
| 700 |
|
1 |
|a Прутик
|b А. Ф.
|c специалист в области электрических станций
|c ассистент Томского политехнического университета
|g Алексей Фёдорович
|2 stltpush
|3 (RuTPU)RU\TPU\pers\26026
|
| 702 |
|
1 |
|a Шмойлов
|b А. В.
|c российский учёный в области электрических станций
|c доцент Томского политехнического университета
|g Анатолий Васильевич
|2 stltpush
|3 (RuTPU)RU\TPU\pers\26025
|4 727
|
| 712 |
0 |
2 |
|a Национальный исследовательский Томский политехнический университет (ТПУ)
|b Энергетический институт (ЭНИН)
|b Кафедра электроэнергетических систем (ЭЭС)
|h 6980
|2 stltpush
|3 (RuTPU)RU\TPU\col\18675
|
| 801 |
|
1 |
|a RU
|b 63413507
|c 20120417
|
| 801 |
|
2 |
|a RU
|b 63413507
|c 20160705
|g RCR
|
| 856 |
4 |
|
|u http://earchive.tpu.ru/handle/11683/30528
|
| 942 |
|
|
|c CF
|